Loreto College Library, Kolkata
WEBOPAC (ONLINE PUBLIC ACCESS CATALOGUE)

Psychology (Record no. 41928)

MARC details
000 -LEADER
fixed length control field 00544nam a22002057a 4500
005 - DATE AND TIME OF LATEST TRANSACTION
control field 20220929145125.0
008 - FIXED-LENGTH DATA ELEMENTS--GENERAL INFORMATION
fixed length control field 190119b xxu||||| |||| 00| 0 eng d
020 ## - ISBN | অাই এস বি এন
ISBN | অাই এস বি এন 9788120339781
PRICE Rs. 375.00
040 ## - CATALOGING SOURCE
Original cataloging agency Loreto College
041 ## - LANGUAGE CODE
Language code English
082 ## - DDC | ডিউই
Classification number | বর্গসংখ্যা 150
Book Number | গ্রন্থাঙ্ক SHE
100 ## - MAIN ENTRY--PERSONAL NAME | মুখ্য সংলেখ - ব্যাক্তিনাম
Personal name | ব্যাক্তিনাম Shergill, Hardeep Kaur
245 ## - TITLE STATEMENT | অাখ্যা বিবরণী
Title | অাখ্যা Psychology
Statement of responsibility | লেখকের দায়িত্বের বিবরণ Hardeep Kaur Shergill
Sub title | উপঅাখ্যা Part I
260 ## - IMPRINT | প্রকাশনা ক্ষেত্র
Place of publication | প্রকাশ স্থান Delhi
Name of publisher | প্রকাশকের নাম PHI Learning
Date of publication | প্রকাশ কাল 2016
300 ## - PHYSICAL DESCRIPTION |
Page / Vol. No | পৃষ্ঠা / খন্ড সংখ্যা 494 p.; Part I
Other physical details | অনান্য বাহ্যিক বিবরণ 24 cm.
504 ## - BIBLIOGRAPHY, ETC. NOTE
Bibliography, etc Includes index
650 ## - SUBJECT ADDED ENTRY--TOPICAL TERM | বিষয় শিরোনাম - মূল বিষয়
Topical term | মূল বিষয় Psychology
850 ## - HOLDING INSTITUTION
Holding institution LCLIB
942 ## - ADDED ENTRY ELEMENTS (KOHA)
Koha item type Books
Holdings
Withdrawn status Lost status Source of classification Damaged status Not for loan Home library Current library Date acquired Price Total Checkouts Full call number Accession No. Date last seen Date checked out Price effective from Koha item type Coded location qualifier
    Dewey Decimal Classification     Loreto College Loreto College 19/01/2019 0.00 17 150 SHE 53058 45863 09/02/2026 01/12/2025 19/01/2019 Books